000 00511nam a22001457a 4500
020 _a978-1-4424-0264-5
082 _a823
_bDIX/H
100 _aDIXON, FRANKLIN W
245 _aHARDY BOYS
_bFOREVER LOST
260 _aNEW YORK
_bSIMON & SCHUSTER
_c2011
300 _a152
520 _aSupernatural thriller about a middle-aged man who dies in a fiery car crash and then struggles to return to settle a score with his former business partner with help from the spirit world.
650 _aSHORT STORY
942 _cBK
999 _c6914
_d6914